Loading...
| Science - Biology | 0 | 4 | 0 | 3 | 40 | 104 | 112.50 | 0 | 0 | 2.83 | 10.33 |
| Science - Other | 0 | 2 | 0 | 0 | 20 | 99 | 100.00 | 0 | 0 | 4.24 | 6.25 |
| History - Other | 0 | 1 | 0 | 0 | 10 | 116 | 116.00 | 0 | 0 | 1.01 | 2.00 |
| Literature - European | 0 | 1 | 0 | 1 | 10 | 133 | 133.00 | 0 | 0 | 0.07 | 3.00 |
| Fine Arts - Classical Music | 0 | 1 | 0 | 1 | 10 | 137 | 137.00 | 0 | 0 | 0.00 | 1.00 |
| Fine Arts - Visual | 0 | 1 | 0 | 0 | 10 | 152 | 152.00 | 0 | 0 | 0.00 | 1.11 |
| Religion | 0 | 1 | 0 | 0 | 10 | 129 | 129.00 | 0 | 0 | 0.00 | 1.82 |
| Science - Chemistry | 0 | 1 | 0 | 1 | 10 | 126 | 126.00 | 0 | 0 | 0.00 | 1.00 |
| Science - Physics | 0 | 1 | 0 | 0 | 10 | 101 | 101.00 | 0 | 0 | 1.65 | 4.00 |
| Social Science | 0 | 1 | 0 | 1 | 10 | 108 | 108.00 | 0 | 0 | 0.00 | 1.11 |
| Other Academic | 0 | 1 | 0 | 0 | 10 | 56 | 56.00 | 0 | 0 | 52.14 | 50.00 |
| Pop Culture | 0 | 1 | 0 | 0 | 10 | 42 | 42.00 | 0 | 1 | 22.73 | 20.83 |
| Mythology | 0 | 1 | 1 | 0 | 5 | 100 | 100.00 | 0 | 0 | 2.48 | 1.00 |
| Fine Arts - Other | 0 | 0 | 0 | 0 | 0 | 0.00 | 0 | 0 | 0.00 | 0.00 | |
| Philosophy | 0 | 0 | 0 | 0 | 0 | 0.00 | 0 | 0 | 0.00 | 0.00 | |
| Literature - American | 0 | 0 | 0 | 0 | 0 | 0.00 | 0 | 0 | 0.00 | 0.00 |